| 000 | 00482nam a22001577a 4500 | ||
|---|---|---|---|
| 003 | macl | ||
| 005 | 20181103120326.0 | ||
| 008 | 181103b xxu||||| |||| 00| 0 eng d | ||
| 040 | _cmacl | ||
| 082 | _a954 | ||
| 100 |
_aदहिया ,पूनम दलाल _973132 |
||
| 245 | _aप्राचीन और मध्यकालीन भारत | ||
| 260 |
_aChennai _bMcgraw Hill _c2018 |
||
| 650 |
_aभारतीय इतिहास _931578 |
||
| 942 |
_2ddc _cHIN |
||
| 999 |
_c58524 _d58524 |
||